Transitivity of linear control systems on Lie groups

Tallennettuna:
Bibliografiset tiedot
Päätekijät: Ayala, Víctor (Tekijä), Hacibekiroglu, A (Tekijä), Zegarra, L. R (Tekijä)
Aineistotyyppi: Kirja
Kieli:englanti
Julkaistu: Antofagasta Universidad Católica del Norte 1997
Aiheet:
Tagit: Lisää tagi
Ei tageja, Lisää ensimmäinen tagi!

MARC

LEADER 00000nam a2200000 a 4500
001 UCP5639
003 CL-VaPUC
008 990927e19970000CL |||||||||||||||||eng|d
082 0 4 |a 512  |b AYA  |2 21 
100 0 |a Ayala, Víctor  |e author  |9 434129 
700 0 |a Hacibekiroglu, A  |e author  |9 434130 
700 0 |a Zegarra, L. R  |e author  |9 434131 
245 1 0 |a Transitivity of linear control systems on Lie groups 
300 |a 8 p 
942 |c BK 
945 |d 19990927 00:00:00  |a rbrito 
260 |a Antofagasta  |b Universidad Católica del Norte  |c 1997 
650 0 |a Álgebra de Lie  |9 271226 
650 7 |a TRANSITIVIDAD  |2 CL-VaPUC  |9 434132 
583 |a last modification  |c 19990927 00:00:00  |k Rodrigo Vera 
999 |c 283336  |d 283334 
952 |0 0  |1 0  |4 0  |6 512_000000000000000_AYA_1997  |7 0  |8 A  |9 326384  |a BIBMAT  |b BIBMAT  |d 2019-11-20  |i 3551571  |o 512 AYA 1997  |p 3551571  |r 2025-01-07  |w 2019-11-20  |y BK  |k MAT